Missing Word: Steampunk Movies Quiz Stats

Quiz Updated Mar 5, 2016

Challenge
Share
Tweet
Embed
Score 0/18 Timer 02:00
0 Plays Today
Hint Missing Word % Correct
Sherlock _____Holmes
98.6%
_____ Wild WestWild
98.1%
Around the _____ in 80 DaysWorld
96.8%
20,000 Leagues Under the _____Sea
95.4%
_____ HelsingVan
88%
The _____ MachineTime
85.7%
The League of Extraordinary _____Gentlemen
82%
Sleepy _____ Hollow
81.5%
The _____ CompassGolden
81.2%
Hint Missing Word % Correct
______ Snicket's A Series of Unfortunate EventsLemony
78.5%
The Fabulous World of Jules _____Verne
60.5%
City of _____ ChildrenLost
45%
Sky Captain and the World of ______Tomorrow
43.9%
Hellboy 2: The Golden _____Army
26.1%
Atlantis: The Lost _____ Empire
21.2%
______ PlanetTreasure
18%
Mirror_____ Mask
3.1%
The Mysterious Geographic _______ of Jasper MorelloExplorations
1.8%

Today's Daily Dose

You're not logged in!

Compare scores with friends on all Sporcle quizzes.
Sign Up with Email
OR
Log In

You Might Also Like...

Show Comments

Extras

Top Quizzes Today


Score Distribution

Your Account Isn't Verified!

In order to create a playlist on Sporcle, you need to verify the email address you used during registration. Go to your Sporcle Settings to finish the process.